000 01372nam a22002177a 4500
999 _c59822
_d59822
003 Ge_BSU
005 20230425110646.0
008 230425b2016 ge ||||| |||| 00| 0 geo d
020 _aISSN 1987-9288
041 _ageo
080 _a81(058)+82+39+94(058) წ-35
245 _aწელიწდეული VIII :
_bეძღვნება სხვა სახელმწიფოში მცხოვრებ ქართველებს : Dedicated to Georgians living in other states /
_cმთ. რედ. ტ. ფუტკარაძე ; მთარგმნ. ნ.უგულავა.
264 _aქუთაისი :
_bქუთაისის ილია ჭავჭავაძის სახელობის საჯარო ბიბლიოთეკა,
_c2016.
300 _a239 გვ. ;
_c24 სმ.
500 _aეძღვნება სხვა სახელმწიფოში მცხოვრებ ქართველებს
653 _aწელიწდეული
653 _aსაერთაშორისო კონფერენციაზე წაკითხული მოხსენებები
700 _aფუტკარაძე, ტ.
_eრედაქტორი
_97500
700 _aუგულავა, ნ.
_eმთარგმნელი
_97501
942 _2udc
_cBK